[Event "ITA-ch U20"]
[Site "Tarvisio"]
[Date "2023.07.06"]
[Round "5"]
[White "Fava, Achille"]
[Black "Bergamaschi, Elia"]
[Result "0-1"]
[WhiteElo "1532"]
[BlackElo "1943"]
[PlyCount "112"]
[EventDate "2023.07.02"]
[EventType "swiss"]
[EventRounds "9"]
[EventCountry "ITA"]
[SourceTitle "EXT 2024"]
[Source "ChessBase"]
[SourceDate "2023.10.10"]
[SourceVersion "1"]
[SourceVersionDate "2023.10.10"]
[SourceQuality "1"]

1. e4 c5 2. Nf3 e6 3. d4 cxd4 4. Nxd4 Nc6 5. a3 Qc7 6. Nc3 a6 7. Be3 b5 8. Be2 Bb7 9. 0-0 d6 10. f4 Nf6 11. Bf3 Be7 12. Nxc6 Bxc6 13. Qe1 0-0 14. g4 Qb7 15. Bd2 d5 16. e5 Nd7 17. Be3 f6 18. exf6 Bxf6 19. g5 Be7 20. Bd4 e5 21. fxe5 Bxg5 22. e6 Nb6 23. Bh5 Rxf1+ 24. Kxf1 Rf8+ 25. Bf7+ Kh8 26. Qe5 Rxf7+ 27. exf7 Qxf7+ 28. Bf2 Bf4 29. Qd4 Nc4 30. Ke1 Bd2+ 31. Kd1 Qf3+ 32. Ne2 Be3 33. Qh4 g5 34. Qg3 Qxf2 35. Qxf2 Bxf2 36. b3 Ne5 37. Ng3 Bd4 38. Rb1 Ng4 39. Nf5 Ne3+ 40. Nxe3 Bxe3 41. Ke2 Bf4 42. h3 Bd7 43. Rh1 Kg7 44. Kd3 Bf5+ 45. Kc3 h5 46. h4 g4 47. Rf1 Be5+ 48. Kd2 Be4 49. c4 g3 50. cxd5 g2 51. Re1 Bf4+ 52. Kc3 Bxd5 53. Kd4 Bf3 54. Kc3 Bg3 55. Re7+ Kf6 56. Re3 g1Q 0-1

[Event "ITA-ch U20"]
[Site "Tarvisio"]
[Date "2023.07.06"]
[Round "6"]
[White "Fava, Achille"]
[Black "Zavattero, Andrea"]
[Result "1/2-1/2"]
[WhiteElo "1532"]
[BlackElo "1877"]
[PlyCount "74"]
[EventDate "2023.07.02"]
[EventType "swiss"]
[EventRounds "9"]
[EventCountry "ITA"]
[SourceTitle "EXT 2024"]
[Source "ChessBase"]
[SourceDate "2023.10.10"]
[SourceVersion "1"]
[SourceVersionDate "2023.10.10"]
[SourceQuality "1"]

1. e4 c5 2. Nf3 Nc6 3. d4 cxd4 4. Nxd4 g6 5. Be3 Nf6 6. Nc3 Bg7 7. Be2 0-0 8. 0-0 d5 9. exd5 Nxd5 10. Nxd5 Nxd4 11. Bxd4 Qxd5 12. Bxg7 Qxd1 13. Raxd1 Kxg7 14. Bf3 Bf5 15. c4 e5 16. Bd5 Rac8 17. b4 Rc7 18. Rd2 Rd8 19. Rfd1 Kf6 20. f3 Rcd7 21. Kf2 Be6 22. Ke3 Bxd5 23. Rxd5 Rxd5 24. Rxd5 Rxd5 25. cxd5 Ke7 26. Ke4 Kd6 27. g4 f6 28. h4 a6 29. h5 gxh5 30. gxh5 b6 31. h6 a5 32. bxa5 bxa5 33. f4 exf4 34. Kxf4 Kxd5 35. Kf5 a4 36. Kxf6 a3 37. Kf7 Kd6 1/2-1/2

[Event "London Classic op U1600 8th"]
[Site "London"]
[Date "2016.12.09"]
[Round "1"]
[White "Bynnersley, Anthony"]
[Black "Fava, Achille"]
[Result "0-1"]
[WhiteElo "1498"]
[BlackElo "1308"]
[PlyCount "74"]
[EventDate "2016.12.09"]
[EventType "swiss"]
[EventRounds "5"]
[EventCountry "ENG"]
[SourceTitle "EXT 2019"]
[Source "ChessBase"]
[SourceDate "2018.10.10"]
[SourceVersion "1"]
[SourceVersionDate "2018.10.10"]
[SourceQuality "1"]

1. e4 e5 2. Nf3 Nc6 3. Bb5 d6 4. h3 f5 5. d3 h6 6. exf5 Bxf5 7. 0-0 Nf6 8. a3 Be7 9. Nc3 Qd7 10. b4 0-0 11. Ne2 Bxh3 12. Ng3 Be6 13. Bb2 Bg4 14. Qe2 Nh7 15. d4 Bxf3 16. gxf3 Ng5 17. d5 Qh3 18. dxc6 Nxf3+ 19. Qxf3 Rxf3 20. Rfd1 Bh4 21. Bf1 Qg4 22. cxb7 Rb8 23. Bg2 Rf6 24. Rd3 Bxg3 25. Rxg3 Qe2 26. Rf1 Qxc2 27. Bc1 c6 28. Be3 Rxb7 29. Rc1 Qd3 30. Rxc6 Rbf7 31. Bxa7 Qd1+ 32. Bf1 Rxa7 33. b5 Rb7 34. b6 Qd4 35. Rg2 Rxb6 36. Rc7 g5 37. Ra7 Rb2 0-1